000 00659nam a2200253Ia 4500
003 OSt
005 20221007101043.0
006 a|||||r|||| 00| 0
007 ta
008 221006b |||||||| |||| 00| 0 eng d
024 _a5,741
037 _cTextual
040 _aLCO
_cLCO
_beng
041 _2eng
_aeng
082 _aV3:2, K8
100 _aMARSHALL G
_9107551
245 0 _aSome Problem of The Constitution
260 _aLondon
_bHutehinson Univ.Library
_c1968
300 _a172
650 _aCONSTITUTION
700 _a MOODIE G C
_9702533
942 _hV3:2, K8
_cTEXL
999 _c1175304
_d1175304